Most Populous Islands of the British Isles - Statistics

General Stats
  • This quiz has been taken 53 times
  • The average score is 9 of 15
Answer Stats
Population Island % Correct
60,800,000 Great Britain
98%
6,378,000 Ireland
98%
80,056 Isle of Man
94%
132,731 Isle of Wight
84%
15,315 Mainland/ Orkney
78%
17,550 Mainland/ Shetland
76%
69,000 Anglesey
69%
9,232 Isle of Skye
63%
19,918 Lewis and Harris
61%
37,852 Isle of Sheppey
45%
147,088 Portsea
43%
37,479 Canvey
24%
16,887 Hayling
22%
13,579 Holy
18%
11,388 Walney
4%
No matching quizzes found
Score Distribution
Percent of People with Each Score
Percentile by Number Answered
Your Score History
You have not taken this quiz